000 00511nam a2200181Ia 4500
003 OSt
005 20240202110437.0
008 210210b1954 xxu||||| |||| 00| 0 eng d
040 _cAL
041 _aKannada
082 _a852/116
100 _aKRASHNA BHATTA BADEKIL ಕೃಷ್ಣ ಭಟ್ಟ ಬಡೇಕಿಲ್
_9139182
245 _aNagarikate
_bನಾಗರೀಕತೆ
260 _aBengaluru
_bJivana Karyalaya
_c1954
690 _aKannada Prose
_9139184
906 _a018685
942 _2ddc
_cBK
999 _c142238
_d142238